00370pab a2200133 454500008004000000100001700040245006800057260000900125300001400134362001200148650003800160650001100198773002700209180718b2008 xxu||||| |||| 00| 0 eng d aPal, Twinkle aOn the concept of tribe: the case of Gaddis of Himachal Pradesh c2008 ap.507-14. aOct-Dec aTribes - India - Himachal Pradesh aTribes aEastern Anthropologist